Score 0/15 Timer 04:00
0 Plays Today
% Correct
Department of Housing
and Urban Development
76.2%
Department of Education
68.6%
Department of
the Treasury
68.3%
Department of
Homeland Security
67.6%
Department of
Transportation
66.4%
Department of
the Interior
64.7%
Department of State
64.7%
Department of
Agriculture
64%
% Correct
Department of Energy
62.4%
Department of Labor
60.9%
Department of Defense
60.9%
Department of
Veterans Affairs
60.3%
Department of Commerce
60%
Department of Health
and Human Services
58.8%
Department of Justice
48.3%
Remove Ads.
Support Sporcle.
Get the best of Sporcle when you Go Orange. This ad-free experience offers more features, more stats, and more fun while also helping to support Sporcle. Thank you for becoming a member.

You're not logged in!

Compare scores with friends on all Sporcle quizzes.
OR
Log In

Sporcle TV

Today on Sporcle TV


Watch our educational content, quiz creation guides, and fun videos on Sporcle TV.

Show Comments

Extras

Top Quizzes Today


Score Distribution

Paid Content

Your Account Isn't Verified!

In order to create a playlist on Sporcle, you need to verify the email address you used during registration. Go to your Sporcle Settings to finish the process.

Report this User

Report this user for behavior that violates our Community Guidelines.

Details: